000 00500nam a2200181 4500
003 SEACOMMC
005 20240422113759.0
008 240422b |||||||| |||| 00| 0 eng d
020 _a8183183808
_c520.00
040 _aSEACOMMC
082 _a 330
_bP985
100 _a Puri,V.K
245 1 _aEconomic Environment of Business
_c V.K Puri,S. K. Mishra
260 _a: New Delhi
_bHimalaya Publishing
_c2013
300 _a 740p
650 _a: Business | Economics | Environment | Policy
942 _cBOOK
999 _c531
_d531